Sangre en el umbral

Tallennettuna:
Bibliografiset tiedot
Päätekijät: Wast, Hugo (Tekijä), Martínez Zuviría, Gustavo (Tekijä)
Aineistotyyppi: Kirja
Kieli:espanja
Julkaistu: Buenos Aires s.n 1900
Aiheet:
Tagit: Lisää tagi
Ei tageja, Lisää ensimmäinen tagi!

MARC

LEADER 00000nam a2200000 a 4500
001 UCT6568
003 CL-VaPUC
008 970113e19000000ag |||||||||||||||||spa|d
082 0 4 |a Ar863  |b WAS  |2 21 
100 0 |a Wast, Hugo  |e author  |9 376813 
700 0 |a Martínez Zuviría, Gustavo  |e author  |9 376814 
245 1 0 |a Sangre en el umbral 
300 |a 290 p 
942 |c BK 
945 |d 19970113 00:00:00  |a rleighto 
260 |a Buenos Aires  |b s.n  |c 1900 
650 0 |a Novelas argentinas  |9 267871 
583 |a last modification  |c 20171228 04:22:55  |k Rodrigo Vera 
999 |c 255256  |d 255254 
952 |0 0  |1 0  |4 0  |6 AR_863_000000000000000_WAS_1900  |7 0  |8 A  |9 277434  |a BIBEDU  |b BIBEDU  |d 2019-11-19  |i 3266389  |o Ar863 WAS 1900  |p 3266389  |r 2019-11-19  |w 2019-11-19  |y BK  |k LIT